Szczegóły MARC21

Podatki 2013 : teksty ustaw i rozporządzeń wraz z indeksem rzeczowym /

003 -Nazwa inst., której nr kontr. jest w polu 001 [,]
    • @
    • Nazwa instytucji, której n kontrolny jest w polu 001
    • NUKAT
005 -DATA I CZAS OSTATNIEJ MODYFIKACJI [,]
    • @
    • pole kontrolne
    • 20241231110539.0
020 -Międzynarod. znormalizowany nr książki - ISBN [ , ]
    • a
    • Numer ISBN
    • 9788325553692 Find
020 -Międzynarod. znormalizowany nr książki - ISBN [ , ]
    • a
    • Numer ISBN
    • 9788325553708 Find
    • q
    • Dopowiedzenie
    • e-book
040 -Instytucja sporządzająca opis [ , ]
    • a
    • Instytucja, która sporządziła opis (NP)
    • GD U/AEK
    • c
    • Instytucja, która sporządziła rekord (NP)
    • GD U/AEKs
942 -Rodzaj dokumentu [ , ]
    • c
    • Rodzaj dokumentu
    • Książka
245 -Strefa tytułu i oznaczenia odpowiedzialności [0,0]
    • a
    • Tytuł
    • Podatki 2013 : Find
    • b
    • Ciąg dalszy tytułu (NP)
    • teksty ustaw i rozporządzeń wraz z indeksem rzeczowym / Find
    • c
    • Pozostałe elementy strefy tytułu i oznaczenia odpowiedzialności (NP)
    • [wyd. Aneta Flisek].
246 -Wariant tytułu [3, ]
    • a
    • Tytuł (NP)
    • Podatki dwa tysiące trzynaście
250 -Strefa wydania [ , ]
    • a
    • Oznaczenie wydania (NP)
    • 2. wyd., stan prawny: 1 czerwca 2013 r.
260 -Strefa adresu wydawniczego [ , ]
    • a
    • Miejsce wydania (P)
    • Warszawa :
    • b
    • Nazwa wydawcy (P)
    • Wydawnictwo C. H. Beck,
    • c
    • Data wydania (P)
    • 2013.
300 -Strefa opisu fizycznego [ , ]
    • a
    • Określenie formy książki i/lub objętość (NP)
    • X, 684 s. ;
    • c
    • Format (NP)
    • 30 cm.
336 -Typ zawartości [ , ]
    • a
    • Termin opisujący typ zawartości
    • Tekst
    • b
    • Kod określający zawartość
    • txt
    • 2
    • Źródło (terminu i kodu)
    • rdacontent
337 -Typ mediów [ , ]
    • a
    • Tryb odtwarzania
    • Bez urządzenia pośredniczącego
    • b
    • Kod typu mediów
    • n
    • 2
    • Źródło (terminu i kodu)
    • rdamedia
338 -Typ/rodzaj nośnika [ , ]
    • a
    • Hasło opisujące typ nośnika
    • Wolumin
    • b
    • Kod typu nośnika
    • nc
    • 2
    • Źródło (terminu i kodu)
    • rdacarrier
490 -Strefa serii i książki wielotomowej - forma nie do wyszukiwania [1, ]
    • a
    • Tytuł (P)
    • Teksty Ustaw Becka Find
830 -Hasło dodatkowe serii i opisu książki wielotomowej - tytuł ujednolicony/tytuł [ ,0]
    • a
    • Tytuł ujednolicony/tytuł (NP)
    • Teksty Ustaw Becka
    • 9
    • KHW
    • 175
500 -Uwaga ogólna [ , ]
    • a
    • Uwaga ogólna (NP)
    • Na okł. podtyt.: Ordynacja podatkowa, podatki dochodowe, VAT i akcyza, spadki i darowizny, czynności cywilnoprawne, opłata skarbowa, podatki i opłaty lokalne, podatek zryczałtowany oraz rozporządzenia wykonawcze.
500 -Uwaga ogólna [ , ]
    • a
    • Uwaga ogólna (NP)
    • U dołu okł.: Dostęp on-line do bazy podatkowych aktów prawnych gratis!
500 -Uwaga ogólna [ , ]
    • a
    • Uwaga ogólna (NP)
    • Uwaga na s. red.: Ustawa o podatku od towarów i usług obejmuje zmiany wchodzące w życie 1.01.2014 r.
504 -Uwaga dot. bibliogr. załącznikowej [ , ]
    • a
    • Uwaga dot. bibliografii załącznikowej
    • Indeks.
521 -Uwaga dot. przeznaczenia czytelniczego [8, ]
    • a
    • Uwaga dot. przeznaczenia czytelniczego
    • Dla doradców podatkowych, prawników, pracowników przedsiębiorstw, studentów.
080 -Uniwersalna Klasyfikacja Dziesiętna [ , ]
    • 2
    • Identyfikator wydania tablic
    • UDC-P058
    • 9
    • UKD
    • 3133
    • a
    • Symbol klasyfikacji
    • 336.221.24
    • b
    • Dopowiedzenie
    • Zasady i praktyka prawa podatkowego.
    • 4
    • UKD2
    • 7642
    • x
    • Poddział wspólny
    • (438)
    • c
    • Dopowiedzenie poddz. wspólnego
    • (Polska).
    • 4
    • UKD2
    • 8267
    • x
    • Poddział wspólny
    • (094.4)
    • c
    • Dopowiedzenie poddz. wspólnego
    • (Teksty prawne. Kodeksy. Zbiory ustaw).
650 -Hasło przedmiotowe [ ,7]
    • a
    • Hasło przedmiotowe
    • Administracja skarbowa
    • z
    • Określnik geograficzny
    • Polska
    • v
    • Określnik formalny
    • legislacja.
    • 2
    • Źródło terminu
    • kaba
    • 9
    • KHW
    • 372678
650 -Hasło przedmiotowe [ ,7]
    • a
    • Hasło przedmiotowe
    • Prawo podatkowe
    • z
    • Określnik geograficzny
    • Polska
    • y
    • Określnik chronologiczny
    • 1990-
    • v
    • Określnik formalny
    • legislacja.
    • 2
    • Źródło terminu
    • kaba
    • 9
    • KHW
    • 351467
980 -Symbol UKD [ , ]
    • a
    • UKD
    • 336.221.24(438)(094.4)
700 -Hasło dodatkowe - nazwa osobowa [1, ]
    • a
    • Nazwa osobowa (NP)
    • Flisek, Aneta. Find
    • e
    • Określenie rodzaju współpracy
    • Wyd.
    • 9
    • KHW
    • 8633
710 -Hasło dodatkowe - nazwa ciała zbiorowego [2, ]
    • a
    • Nazwa ciała zbiorowego lub nazwa geograficzna jako pierwszy element (NP)
    • Wydawnictwo C.H. Beck.
    • 4
    • Kod relacji
    • pbl
    • 9
    • KHW
    • 52679
920 -ISBN [ , ]
    • a
    • ISBN
    • 978-83-255-5369-2 Find
920 -ISBN [ , ]
    • a
    • ISBN
    • 978-83-255-5370-8 Find
    • q
    • Dopowiedzenie
    • e-book
Data inwentaryzacji Lokalizacja Status udost. Numer inwentarzowy Sygnatura
2014-02-26T-2TM.10629 
2014-02-26T-2T.14977T.14977